header

Evolutionary ecology of parasites (Record no. 116063)

MARC details
000 -LEADER
fixed length control field 01815nam a2200385 a 4500
082 04 - DEWEY DECIMAL CLASSIFICATION NUMBER
Classification number 591.7/857
100 1# - MAIN ENTRY--AUTHOR NAME
Personal name Poulin, Robert,
245 10 - TITLE STATEMENT
Title Evolutionary ecology of parasites
250 ## - EDITION STATEMENT
Edition statement 2nd ed.
260 ## - PUBLICATION, DISTRIBUTION, ETC. (IMPRINT)
Place of publication Princeton, N.J. :
Name of publisher Princeton University Press,
Year of publication c2007.
300 ## - PHYSICAL DESCRIPTION
Number of Pages x, 332 p. :
Other physical details ill.
505 2# - FORMATTED CONTENTS NOTE
Formatted contents note Origins of parasitism and complex life cycles -- Host specificity -- Evolution of parasite life-history strategies -- Strategies of host exploitation -- Parasite aggregation: causes and consequences -- Parasite population dynamics and genetics -- Interactions between species and the parasite niche -- Parasite infracommunity structure -- Component communities and parasite faunas / Robert Poulin.
650 #0 - SUBJECT ADDED ENTRY--TOPICAL TERM
Topical Term Parasites.
Topical Term Parasites
Topical Term Parasites
856 40 - ELECTRONIC LOCATION AND ACCESS
Uniform Resource Identifier http://site.ebrary.com/lib/rucke/Doc?id=10477116

No items available.

© 2026 Rongo University
Contact us: librarian | system librarian | Rongo university